[Event "Portugal Open 2019"]
[Site "Lisbon"]
[Date "2019.02.09"]
[Round "9.25"]
[White "Alvarez Serrano, Carlos"]
[Black "Di Nicolantonio, Lucas"]
[Result "0-1"]
[WhiteElo "2201"]
[BlackElo "2364"]
[Annotator "NA"]
[PlyCount "94"]
[EventDate "2019.01.25"]
[EventType "swiss"]
[EventCountry "POR"]
[SourceTitle "playchess.com"]
[Source "ChessBase"]
[SourceQuality "1"]
[TimeControl "5400+30"]

1. Nf3 {[%emt 0:05:38]} d6 {[%emt 0:00:29]} 2. d4 {[%emt 0:01:24]} g6 {[%emt 0:00:37]} 3. g3 {[%emt 0:01:16]} Bg7 {[%emt 0:00:08]} 4. Bg2 {[%emt 0:00:05]} f5 {[%emt 0:00:35]} 5. c4 {[%emt 0:01:02]} Nf6 {[%emt 0:00:15]} 6. Nc3 {[%emt 0:00:23]} O-O {[%emt 0:00:25]} 7. O-O {[%emt 0:00:05]} Nc6 {[%emt 0:04:02]} 8. d5 {[%emt 0:03:25]} Ne5 {[%emt 0:00:18]} 9. Nd2 {[%emt 0:06:59]} c5 {[%emt 0:05:24]} 10. f4 {[%emt 0:02:49]} Neg4 {[%emt 0:03:21]} 11. Nb3 {[%emt 0:01:30]} Bd7 {[%emt 0:03:34]} 12. h3 {[%emt 0:01:23]} Nh6 {[%emt 0:00:10]} 13. Nd2 {[%emt 0:02:46]} a6 {[%emt 0:08:20]} 14. a4 {[%emt 0:04:03]} b6 {[%emt 0:05:24]} 15. Nf3 {[%emt 0:01:12]} Nf7 {[%emt 0:02:44]} 16. Qd3 {[%emt 0:00:09]} Rb8 {[%emt 0:09:17]} 17. Re1 {[%emt 0:11:04]} Re8 {[%emt 0:06:00]} 18. Kh2 {[%emt 0:01:40]} e5 {[%emt 0:04:43]} 19. dxe6 {[%emt 0:01:23]} Bxe6 {[%emt 0:01:54]} 20. Ng5 {[%emt 0:03:07]} Nxg5 {[%emt 0:04:16]} 21. fxg5 {[%emt 0:00:02]} Nd7 {[%emt 0:09:21]} 22. Nd5 {[%emt 0:04:19]} Ne5 {[%emt 0:01:18]} 23. Qc2 {[%emt 0:00:01]} Kh8 {[%emt 0:04:37]} 24. Bd2 {[%emt 0:01:59]} b5 {[%emt 0:00:26]} 25. axb5 {[%emt 0:04:08]} axb5 {[%emt 0:00:04]} 26. cxb5 {[%emt 0:12:45]} Rxb5 {[%emt 0:00:08]} 27. Ra2 {[%emt 0:08:27]} c4 {[%emt 0:04:51]} 28. Nc3 {[%emt 0:02:23]} Rb8 {[%emt 0:01:25]} 29. Nd5 {[%emt 0:02:20]} Rb5 {[%emt 0:00:14]} 30. Nc3 {[%emt 0:00:01]} Rb8 {[%emt 0:00:03]} 31. Nd5 {[%emt 0:00:08]} Bxd5 {[%emt 0:06:42]} 32. Bxd5 {[%emt 0:00:01]} Qb6 {[%emt 0:00:10]} 33. Kg2 {[%emt 0:02:44]} Qd4 {[%emt 0:00:32]} 34. e4 {[%emt 0:05:42]} Nd3 {[%emt 0:00:13]} 35. Re2 {[%emt 0:00:09]} Qxd5 {[%emt 0:06:13]} 36. exd5 {[%emt 0:01:40]} Rxe2+ {[%emt 0:00:05]} 37. Kf1 {[%emt 0:01:28]} Rbe8 {[%emt 0:04:58]} 38. Ra3 {[%emt 0:05:49]} Rf2+ {[%emt 0:03:20]} 39. Kg1 {[%emt 0:00:01]} Bd4 {[%emt 0:01:44]} 40. Qxc4 {[%emt 0:02:21]} Rf4+ {[%emt 0:01:02]} 41. Qxd4+ {[%emt 0:00:14]} Rxd4 {[%emt 0:00:06]} 42. Bc3 {[%emt 0:00:01]} Ree4 {[%emt 0:00:40]} 43. Ra4 {[%emt 0:00:37]} Ne5 {[%emt 0:00:18]} 44. Bxd4 {[%emt 0:01:15]} Rxd4 {[%emt 0:00:07]} 45. Rxd4 {[%emt 0:00:04]} Nf3+ {[%emt 0:00:03]} 46. Kf2 {[%emt 0:00:07]} Nxd4 {[%emt 0:00:03]} 47. b4 {[%emt 0:00:19]} Kg7 {[%emt 0:00:12]} 0-1

[Event "Portugal Open 2019"]
[Site "Lisbon"]
[Date "2019.02.09"]
[Round "9.26"]
[White "Miedema, David"]
[Black "Palozza, Christian"]
[Result "1-0"]
[WhiteElo "2356"]
[BlackElo "2237"]
[Annotator "NA"]
[PlyCount "143"]
[EventDate "2019.01.25"]
[EventType "swiss"]
[EventCountry "POR"]
[SourceTitle "playchess.com"]
[Source "ChessBase"]
[SourceQuality "1"]
[TimeControl "5400+30"]

1. e4 {[%emt 0:00:00]} c6 {[%emt 0:02:03]} 2. d4 {[%emt 0:00:00]} d5 {[%emt 0:00:02]} 3. e5 {[%emt 0:00:00]} c5 {[%emt 0:00:02]} 4. dxc5 {[%emt 0:00:00]} e6 {[%emt 0:00:03]} 5. Qg4 {[%emt 0:01:56]} Nd7 {[%emt 0:04:52]} 6. Nf3 {[%emt 0:00:10]} h5 {[%emt 0:00:54]} 7. Qf4 {[%emt 0:00:37]} Nxc5 {[%emt 0:05:15]} 8. b4 {[%emt 0:03:45]} Ne4 {[%emt 0:05:44]} 9. a3 {[%emt 0:06:56]} a5 {[%emt 0:00:35]} 10. b5 {[%emt 0:01:10]} Qc7 {[%emt 0:20:59]} 11. Bd3 {[%emt 0:00:37]} g5 {[%emt 0:02:58]} 12. Qe3 {[%emt 0:00:25]} g4 {[%emt 0:11:07]} 13. Bxe4 {[%emt 0:00:33]} dxe4 {[%emt 0:00:47]} 14. Nfd2 {[%emt 0:03:34]} Qxe5 {[%emt 0:00:50]} 15. Ra2 {[%emt 0:01:26]} Bh6 {[%emt 0:03:22]} 16. Qe2 {[%emt 0:00:10]} e3 {[%emt 0:02:47]} 17. fxe3 {[%emt 0:00:05]} Qxe3 {[%emt 0:00:27]} 18. Bb2 {[%emt 0:00:26]} Rh7 {[%emt 0:01:32]} 19. Nc4 {[%emt 0:00:59]} Qxe2+ {[%emt 0:09:46]} 20. Kxe2 {[%emt 0:00:03]} f6 {[%emt 0:00:04]} 21. Nc3 {[%emt 0:05:13]} e5 {[%emt 0:01:13]} 22. Nb6 {[%emt 0:00:36]} Rb8 {[%emt 0:00:04]} 23. Ne4 {[%emt 0:00:11]} Be6 {[%emt 0:01:29]} 24. c4 {[%emt 0:00:04]} Rd8 {[%emt 0:03:24]} 25. Bc3 {[%emt 0:00:43]} Rc7 {[%emt 0:00:32]} 26. Bxa5 {[%emt 0:01:29]} Bxc4+ {[%emt 0:00:36]} 27. Nxc4 {[%emt 0:00:10]} Rxc4 {[%emt 0:00:04]} 28. Ng3 {[%emt 0:05:10]} Ra8 {[%emt 0:00:46]} 29. Bb6 {[%emt 0:01:20]} Ne7 {[%emt 0:02:02]} 30. Rd1 {[%emt 0:00:56]} Kf7 {[%emt 0:06:39]} 31. Rd7 {[%emt 0:04:34]} Ke6 {[%emt 0:00:04]} 32. Rxb7 {[%emt 0:00:49]} h4 {[%emt 0:01:42]} 33. Rxe7+ {[%emt 0:04:25]} Kxe7 {[%emt 0:00:04]} 34. Nf5+ {[%emt 0:00:02]} Ke6 {[%emt 0:00:05]} 35. Nxh6 {[%emt 0:00:04]} Rb8 {[%emt 0:00:03]} 36. Bf2 {[%emt 0:00:53]} Rxb5 {[%emt 0:00:20]} 37. Bxh4 {[%emt 0:00:57]} Ra4 {[%emt 0:01:53]} 38. Rc2 {[%emt 0:01:30]} Rxa3 {[%emt 0:01:47]} 39. Rc6+ {[%emt 0:00:03]} Kd5 {[%emt 0:00:06]} 40. Rc2 {[%emt 0:00:04]} Ke6 {[%emt 0:00:20]} 41. Rc6+ {[%emt 0:01:24]} Kd5 {[%emt 0:00:04]} 42. Rc2 {[%emt 0:00:03]} Ke6 {[%emt 0:00:23]} 43. Be1 {[%emt 0:08:49]} f5 {[%emt 0:01:01]} 44. Rc6+ {[%emt 0:00:00]} Kd5 {[%emt 0:00:11]} 45. Rf6 {[%emt 0:00:00]} Ra2+ {[%emt 0:09:03]} 46. Kf1 {[%emt 0:00:00]} Rb1 {[%emt 0:00:38]} 47. Nxf5 {[%emt 0:00:00]} Raa1 {[%emt 0:00:25]} 48. Ne3+ {[%emt 0:00:00]} Kc5 {[%emt 0:01:19]} 49. Nc2 {[%emt 0:00:00]} Ra2 {[%emt 0:00:04]} 50. Rf8 {[%emt 0:00:00]} Kc4 {[%emt 0:00:12]} 51. Rc8+ {[%emt 0:00:28]} Kb3 {[%emt 0:01:19]} 52. Ne3 {[%emt 0:00:05]} Ra4 {[%emt 0:00:47]} 53. Rb8+ {[%emt 0:02:27]} Ka2 {[%emt 0:00:05]} 54. Rxb1 {[%emt 0:01:00]} Kxb1 {[%emt 0:00:04]} 55. Bc3 {[%emt 0:01:01]} Kc1 {[%emt 0:00:58]} 56. Ke2 {[%emt 0:00:20]} e4 {[%emt 0:00:33]} 57. Bd2+ {[%emt 0:00:14]} Kb2 {[%emt 0:00:03]} 58. Nxg4 {[%emt 0:00:07]} Kb3 {[%emt 0:00:18]} 59. Ne3 {[%emt 0:01:12]} Ra8 {[%emt 0:00:17]} 60. h4 {[%emt 0:00:13]} Rh8 {[%emt 0:00:25]} 61. Be1 {[%emt 0:00:46]} Ka4 {[%emt 0:00:07]} 62. g4 {[%emt 0:00:13]} Kb5 {[%emt 0:00:03]} 63. h5 {[%emt 0:00:07]} Kc6 {[%emt 0:00:05]} 64. Bc3 {[%emt 0:00:05]} Rh7 {[%emt 0:00:10]} 65. Nf5 {[%emt 0:00:14]} Kd5 {[%emt 0:00:12]} 66. Bg7 {[%emt 0:00:07]} Ke6 {[%emt 0:00:10]} 67. Ke3 {[%emt 0:00:12]} Kf7 {[%emt 0:00:17]} 68. Kxe4 {[%emt 0:00:13]} Ke6 {[%emt 0:00:03]} 69. Kf4 {[%emt 0:00:11]} Kf7 {[%emt 0:00:07]} 70. Kg5 {[%emt 0:00:21]} Kg8 {[%emt 0:00:05]} 71. Kg6 {[%emt 0:00:18]} Rxh5 {[%emt 0:00:21]} 72. Ne7# {[%emt 0:00:36]} 1-0

[Event "Portugal Open 2019"]
[Site "Lisbon"]
[Date "2019.02.09"]
[Round "9.27"]
[White "Costa, Paulo"]
[Black "Rocha, Sergio"]
[Result "0-1"]
[WhiteElo "2200"]
[BlackElo "2354"]
[Annotator "NA"]
[PlyCount "102"]
[EventDate "2019.01.25"]
[EventType "swiss"]
[EventCountry "POR"]
[SourceTitle "playchess.com"]
[Source "ChessBase"]
[SourceQuality "1"]
[TimeControl "5400+30"]

1. Nf3 {[%emt 0:02:49]} c5 {[%emt 0:00:00]} 2. g3 {[%emt 0:01:06]} Nc6 {[%emt 0:00:00]} 3. Bg2 {[%emt 0:00:09]} d5 {[%emt 0:00:54]} 4. O-O {[%emt 0:00:56]} e5 {[%emt 0:00:32]} 5. d3 {[%emt 0:00:23]} Bd6 {[%emt 0:00:09]} 6. e4 {[%emt 0:02:50]} d4 {[%emt 0:00:19]} 7. Nbd2 {[%emt 0:00:06]} Nge7 {[%emt 0:00:09]} 8. Nc4 {[%emt 0:00:05]} Bc7 {[%emt 0:00:54]} 9. a4 {[%emt 0:01:02]} f6 {[%emt 0:00:10]} 10. Ne1 {[%emt 0:01:09]} Be6 {[%emt 0:00:33]} 11. Bh3 {[%emt 0:06:07]} Bf7 {[%emt 0:07:10]} 12. f4 {[%emt 0:01:40]} Ng6 {[%emt 0:00:31]} 13. b3 {[%emt 0:14:27]} a6 {[%emt 0:08:11]} 14. fxe5 {[%emt 0:11:22]} Ngxe5 {[%emt 0:00:32]} 15. Bf4 {[%emt 0:02:40]} O-O {[%emt 0:07:14]} 16. Nxe5 {[%emt 0:05:51]} Bxe5 {[%emt 0:01:17]} 17. Qd2 {[%emt 0:03:32]} b6 {[%emt 0:01:55]} 18. Nf3 {[%emt 0:02:23]} Re8 {[%emt 0:04:07]} 19. Bxe5 {[%emt 0:04:26]} Nxe5 {[%emt 0:01:09]} 20. Nxe5 {[%emt 0:00:46]} Rxe5 {[%emt 0:00:05]} 21. Qf4 {[%emt 0:03:05]} b5 {[%emt 0:03:22]} 22. axb5 {[%emt 0:03:22]} axb5 {[%emt 0:00:13]} 23. Qg4 {[%emt 0:03:46]} c4 {[%emt 0:28:28]} 24. bxc4 {[%emt 0:01:05]} bxc4 {[%emt 0:00:04]} 25. Qd7 {[%emt 0:02:17]} Qxd7 {[%emt 0:05:43]} 26. Bxd7 {[%emt 0:00:47]} Rd8 {[%emt 0:00:16]} 27. Bg4 {[%emt 0:02:57]} c3 {[%emt 0:00:27]} 28. Rf5 {[%emt 0:02:04]} Rb8 {[%emt 0:07:50]} 29. Rxe5 {[%emt 0:02:02]} fxe5 {[%emt 0:00:39]} 30. Kf1 {[%emt 0:00:57]} h5 {[%emt 0:00:14]} 31. Bd1 {[%emt 0:00:30]} g6 {[%emt 0:01:34]} 32. h4 {[%emt 0:04:10]} Be6 {[%emt 0:00:56]} 33. Ke1 {[%emt 0:00:28]} Kf7 {[%emt 0:00:41]} 34. Be2 {[%emt 0:01:04]} Rb2 {[%emt 0:00:45]} 35. Bd1 {[%emt 0:00:59]} Ba2 {[%emt 0:00:24]} 36. g4 {[%emt 0:06:26]} hxg4 {[%emt 0:00:12]} 37. Bxg4 {[%emt 0:00:09]} Ke7 {[%emt 0:01:28]} 38. Bd1 {[%emt 0:00:42]} Kd6 {[%emt 0:02:46]} 39. Kf2 {[%emt 0:02:06]} Kc5 {[%emt 0:00:16]} 40. Kg3 {[%emt 0:00:18]} Kb4 {[%emt 0:00:07]} 41. Kg4 {[%emt 0:00:14]} Ka3 {[%emt 0:00:06]} 42. Kg5 {[%emt 0:00:17]} Rb6 {[%emt 0:00:04]} 43. h5 {[%emt 0:04:00]} gxh5 {[%emt 0:00:05]} 44. Kf5 {[%emt 0:00:02]} Rb5 {[%emt 0:02:37]} 45. Bxh5 {[%emt 0:00:21]} Kb2 {[%emt 0:00:07]} 46. Rg1 {[%emt 0:01:09]} Kxc2 {[%emt 0:00:09]} 47. Rg2+ {[%emt 0:00:46]} Kb1 {[%emt 0:00:13]} 48. Be8 {[%emt 0:00:40]} Ra5 {[%emt 0:00:27]} 49. Rg7 {[%emt 0:01:03]} c2 {[%emt 0:00:27]} 50. Rb7+ {[%emt 0:00:08]} Ka1 {[%emt 0:00:32]} 51. Rc7 {[%emt 0:00:08]} Kb2 {[%emt 0:00:16]} 0-1

[Event "Portugal Open 2019"]
[Site "Lisbon"]
[Date "2019.02.09"]
[Round "9.28"]
[White "Newrkla, Katharina"]
[Black "Tryggestad, Andreas Garberg"]
[Result "1/2-1/2"]
[WhiteElo "2180"]
[BlackElo "2351"]
[Annotator "NA"]
[PlyCount "108"]
[EventDate "2019.01.25"]
[EventType "swiss"]
[EventCountry "POR"]
[SourceTitle "playchess.com"]
[Source "ChessBase"]
[SourceQuality "1"]
[TimeControl "5400+30"]

1. e4 {[%emt 0:00:00]} c5 {[%emt 0:07:14]} 2. Nf3 {[%emt 0:00:00]} e6 {[%emt 0:00:04]} 3. d4 {[%emt 0:00:00]} cxd4 {[%emt 0:00:04]} 4. Nxd4 {[%emt 0:00:00]} Nc6 {[%emt 0:00:05]} 5. Nc3 {[%emt 0:00:00]} Qc7 {[%emt 0:00:07]} 6. Be3 {[%emt 0:00:04]} Nf6 {[%emt 0:00:06]} 7. f4 {[%emt 0:00:59]} Nxd4 {[%emt 0:01:32]} 8. Bxd4 {[%emt 0:08:41]} Qxf4 {[%emt 0:00:43]} 9. g3 {[%emt 0:00:11]} Qc7 {[%emt 0:19:46]} 10. e5 {[%emt 0:00:31]} Nd5 {[%emt 0:00:02]} 11. Nxd5 {[%emt 0:09:26]} exd5 {[%emt 0:00:06]} 12. Bd3 {[%emt 0:00:31]} Bc5 {[%emt 0:05:14]} 13. Qg4 {[%emt 0:12:50]} Bxd4 {[%emt 0:15:38]} 14. Qxd4 {[%emt 0:00:06]} O-O {[%emt 0:01:23]} 15. O-O-O {[%emt 0:00:55]} d6 {[%emt 0:00:55]} 16. Rhe1 {[%emt 0:13:14]} Be6 {[%emt 0:01:08]} 17. exd6 {[%emt 0:04:31]} Qxd6 {[%emt 0:00:02]} 18. Re5 {[%emt 0:00:34]} Rac8 {[%emt 0:10:46]} 19. Rg5 {[%emt 0:08:03]} g6 {[%emt 0:05:30]} 20. Rf1 {[%emt 0:06:58]} Qb6 {[%emt 0:11:13]} 21. Qh4 {[%emt 0:20:55]} Qe3+ {[%emt 0:02:41]} 22. Kb1 {[%emt 0:00:05]} Kg7 {[%emt 0:00:03]} 23. Qf4 {[%emt 0:00:08]} Qxf4 {[%emt 0:00:18]} 24. gxf4 {[%emt 0:00:04]} Kf6 {[%emt 0:07:49]} 25. h4 {[%emt 0:00:53]} h6 {[%emt 0:00:06]} 26. Re5 {[%emt 0:01:17]} Rfe8 {[%emt 0:02:38]} 27. Kc1 {[%emt 0:01:00]} Bh3 {[%emt 0:07:12]} 28. Rfe1 {[%emt 0:05:15]} Rxe5 {[%emt 0:00:12]} 29. Rxe5 {[%emt 0:00:07]} Be6 {[%emt 0:00:51]} 30. Kd2 {[%emt 0:00:13]} d4 {[%emt 0:00:46]} 31. Ra5 {[%emt 0:00:21]} a6 {[%emt 0:00:01]} 32. Be4 {[%emt 0:00:41]} Bc4 {[%emt 0:01:13]} 33. Re5 {[%emt 0:04:05]} b6 {[%emt 0:00:24]} 34. b3 {[%emt 0:02:28]} Be6 {[%emt 0:00:11]} 35. Bb7 {[%emt 0:00:52]} Rc3 {[%emt 0:00:50]} 36. Bxa6 {[%emt 0:00:21]} Rh3 {[%emt 0:00:23]} 37. Re4 {[%emt 0:00:26]} Rxh4 {[%emt 0:00:26]} 38. Rxd4 {[%emt 0:00:08]} Rh2+ {[%emt 0:00:19]} 39. Kc3 {[%emt 0:00:24]} h5 {[%emt 0:00:06]} 40. a4 {[%emt 0:00:10]} h4 {[%emt 0:00:02]} 41. b4 {[%emt 0:01:12]} h3 {[%emt 0:00:34]} 42. Bb7 {[%emt 0:00:31]} g5 {[%emt 0:01:42]} 43. fxg5+ {[%emt 0:00:15]} Kxg5 {[%emt 0:00:01]} 44. a5 {[%emt 0:00:13]} bxa5 {[%emt 0:00:01]} 45. bxa5 {[%emt 0:00:05]} Bf5 {[%emt 0:01:25]} 46. Rd2 {[%emt 0:01:36]} Rxd2 {[%emt 0:00:01]} 47. Kxd2 {[%emt 0:00:05]} h2 {[%emt 0:00:06]} 48. Ke3 {[%emt 0:01:33]} Bc8 {[%emt 0:01:28]} 49. Bd5 {[%emt 0:00:51]} Kf5 {[%emt 0:00:21]} 50. Kf2 {[%emt 0:00:13]} Ke5 {[%emt 0:00:00]} 51. Bf3 {[%emt 0:00:32]} Kd4 {[%emt 0:00:53]} 52. Kg2 {[%emt 0:00:10]} Kc3 {[%emt 0:00:04]} 53. Be4 {[%emt 0:00:20]} Kb4 {[%emt 0:00:05]} 54. Kxh2 {[%emt 0:00:16]} Kxa5 {[%emt 0:00:02]} 1/2-1/2

[Event "Portugal Open 2019"]
[Site "Lisbon"]
[Date "2019.02.09"]
[Round "9.29"]
[White "Gu, Xiaobing"]
[Black "Carlsson, Ludvig"]
[Result "1-0"]
[WhiteElo "2326"]
[BlackElo "2217"]
[Annotator "NA"]
[PlyCount "67"]
[EventDate "2019.01.25"]
[EventType "swiss"]
[EventCountry "POR"]
[SourceTitle "playchess.com"]
[Source "ChessBase"]
[SourceQuality "1"]
[TimeControl "5400+30"]

1. e4 {[%emt 0:02:19]} e6 {[%emt 0:00:00]} 2. d4 {[%emt 0:00:13]} d5 {[%emt 0:00:00]} 3. e5 {[%emt 0:00:03]} c5 {[%emt 0:00:14]} 4. c3 {[%emt 0:00:02]} Qb6 {[%emt 0:00:10]} 5. Nf3 {[%emt 0:01:26]} Nc6 {[%emt 0:00:12]} 6. a3 {[%emt 0:00:35]} c4 {[%emt 0:04:21]} 7. Nbd2 {[%emt 0:00:16]} Na5 {[%emt 0:00:10]} 8. Be2 {[%emt 0:01:47]} Bd7 {[%emt 0:00:13]} 9. O-O {[%emt 0:02:05]} Ne7 {[%emt 0:00:08]} 10. Rb1 {[%emt 0:02:34]} h6 {[%emt 0:00:12]} 11. Re1 {[%emt 0:04:43]} Qc7 {[%emt 0:00:10]} 12. Nf1 {[%emt 0:05:58]} Nc8 {[%emt 0:00:13]} 13. h4 {[%emt 0:00:51]} Nb6 {[%emt 0:01:39]} 14. Bf4 {[%emt 0:00:05]} Be7 {[%emt 0:04:23]} 15. Qc1 {[%emt 0:08:41]} Ba4 {[%emt 0:00:55]} 16. h5 {[%emt 0:03:38]} O-O-O {[%emt 0:00:39]} 17. Bh2 {[%emt 0:04:16]} Rdg8 {[%emt 0:05:01]} 18. Qf4 {[%emt 0:05:42]} Bd8 {[%emt 0:03:09]} 19. N3d2 {[%emt 0:00:47]} Bg5 {[%emt 0:03:42]} 20. Qg3 {[%emt 0:00:38]} g6 {[%emt 0:00:18]} 21. f4 {[%emt 0:05:38]} Be7 {[%emt 0:00:59]} 22. Ne3 {[%emt 0:02:19]} gxh5 {[%emt 0:03:14]} 23. Qh3 {[%emt 0:00:02]} h4 {[%emt 0:00:17]} 24. Bh5 {[%emt 0:01:35]} Be8 {[%emt 0:07:47]} 25. f5 {[%emt 0:00:07]} Qc6 {[%emt 0:00:53]} 26. Nf3 {[%emt 0:03:00]} Nb3 {[%emt 0:02:22]} 27. Re2 {[%emt 0:01:32]} Na4 {[%emt 0:01:24]} 28. Rf1 {[%emt 0:00:26]} Bg5 {[%emt 0:00:45]} 29. Nxh4 {[%emt 0:09:03]} Qb6 {[%emt 0:03:39]} 30. Kh1 {[%emt 0:04:47]} Nxd4 {[%emt 0:09:13]} 31. cxd4 {[%emt 0:00:49]} Qxd4 {[%emt 0:00:08]} 32. fxe6 {[%emt 0:04:36]} fxe6 {[%emt 0:00:31]} 33. Qxe6+ {[%emt 0:00:51]} Bd7 {[%emt 0:00:17]} 34. Nhf5 {[%emt 0:00:15]} 1-0

[Event "Portugal Open 2019"]
[Site "Lisbon"]
[Date "2019.02.09"]
[Round "9.30"]
[White "Fus, Jakub"]
[Black "Santos, Jose Guilherme B Li"]
[Result "1-0"]
[WhiteElo "2326"]
[BlackElo "2191"]
[Annotator "NA"]
[PlyCount "121"]
[EventDate "2019.01.25"]
[EventType "swiss"]
[EventCountry "POR"]
[SourceTitle "playchess.com"]
[Source "ChessBase"]
[SourceQuality "1"]
[TimeControl "5400+30"]

1. d4 {[%emt 0:00:00]} Nf6 {[%emt 0:00:42]} 2. Bg5 {[%emt 0:00:00]} d5 {[%emt 0:01:58]} 3. e3 {[%emt 0:00:33]} c5 {[%emt 0:02:09]} 4. Bxf6 {[%emt 0:01:33]} gxf6 {[%emt 0:01:10]} 5. c4 {[%emt 0:00:11]} cxd4 {[%emt 0:11:48]} 6. exd4 {[%emt 0:02:29]} Nc6 {[%emt 0:07:54]} 7. Nc3 {[%emt 0:01:25]} dxc4 {[%emt 0:04:04]} 8. d5 {[%emt 0:03:18]} Ne5 {[%emt 0:00:05]} 9. Bxc4 {[%emt 0:01:09]} Nxc4 {[%emt 0:05:46]} 10. Qa4+ {[%emt 0:00:16]} Bd7 {[%emt 0:00:05]} 11. Qxc4 {[%emt 0:00:08]} Qb6 {[%emt 0:00:03]} 12. Nge2 {[%emt 0:01:07]} Bh6 {[%emt 0:05:18]} 13. O-O {[%emt 0:06:33]} Rg8 {[%emt 0:05:22]} 14. Qe4 {[%emt 0:27:00]} f5 {[%emt 0:16:08]} 15. Qf3 {[%emt 0:02:20]} O-O-O {[%emt 0:01:06]} 16. a4 {[%emt 0:05:53]} Kb8 {[%emt 0:04:26]} 17. a5 {[%emt 0:01:07]} Qd6 {[%emt 0:00:23]} 18. Nd4 {[%emt 0:11:13]} Qf4 {[%emt 0:08:47]} 19. Qxf4+ {[%emt 0:06:40]} Bxf4 {[%emt 0:00:06]} 20. a6 {[%emt 0:03:14]} b6 {[%emt 0:04:19]} 21. Rfe1 {[%emt 0:08:01]} Bd6 {[%emt 0:01:24]} 22. Ncb5 {[%emt 0:03:35]} Bxb5 {[%emt 0:04:50]} 23. Nxb5 Bc5 {[%emt 0:01:29]} 24. Red1 {[%emt 0:04:12]} Rg4 {[%emt 0:00:26]} 25. Rd2 {[%emt 0:02:25]} Rb4 {[%emt 0:05:01]} 26. Nc3 {[%emt 0:00:07]} Bd4 {[%emt 0:02:22]} 27. Re1 {[%emt 0:01:54]} Bf6 {[%emt 0:00:09]} 28. d6 {[%emt 0:01:22]} e6 {[%emt 0:00:18]} 29. Red1 {[%emt 0:01:09]} Bxc3 {[%emt 0:04:32]} 30. bxc3 {[%emt 0:00:03]} Ra4 {[%emt 0:00:12]} 31. Rd3 {[%emt 0:00:27]} Rxa6 {[%emt 0:00:03]} 32. Rh3 {[%emt 0:00:11]} Rxd6 {[%emt 0:00:09]} 33. Rf1 {[%emt 0:00:29]} Ra3 {[%emt 0:00:27]} 34. Rxh7 {[%emt 0:00:20]} Rxc3 {[%emt 0:00:04]} 35. Rxf7 {[%emt 0:00:03]} Rc7 {[%emt 0:01:17]} 36. Rf6 {[%emt 0:00:03]} a5 {[%emt 0:00:18]} 37. h4 {[%emt 0:00:04]} Rh7 {[%emt 0:00:33]} 38. g3 {[%emt 0:00:25]} a4 {[%emt 0:00:34]} 39. Rb1 {[%emt 0:00:31]} Ka7 {[%emt 0:02:15]} 40. Rb4 {[%emt 0:00:14]} Ka6 {[%emt 0:01:19]} 41. Rxa4+ {[%emt 0:00:04]} Kb5 {[%emt 0:00:01]} 42. Ra1 {[%emt 0:00:54]} Rhd7 {[%emt 0:00:29]} 43. Re1 {[%emt 0:00:38]} Kc4 {[%emt 0:00:28]} 44. Rexe6 {[%emt 0:00:43]} Rxe6 {[%emt 0:00:06]} 45. Rxe6 {[%emt 0:00:02]} b5 {[%emt 0:00:03]} 46. Rc6+ {[%emt 0:00:37]} Kd4 {[%emt 0:01:44]} 47. Rb6 {[%emt 0:00:15]} Kc4 {[%emt 0:00:39]} 48. f3 {[%emt 0:02:08]} b4 {[%emt 0:00:13]} 49. Kg2 {[%emt 0:00:20]} b3 {[%emt 0:00:44]} 50. g4 {[%emt 0:00:09]} Rd5 {[%emt 0:00:19]} 51. g5 {[%emt 0:01:50]} f4 {[%emt 0:00:32]} 52. g6 {[%emt 0:00:18]} Rd2+ {[%emt 0:00:27]} 53. Kh3 {[%emt 0:01:12]} Kc3 {[%emt 0:00:35]} 54. g7 {[%emt 0:00:18]} Rd8 {[%emt 0:00:15]} 55. h5 {[%emt 0:00:06]} b2 {[%emt 0:00:01]} 56. h6 {[%emt 0:00:10]} Rd6 {[%emt 0:00:20]} 57. h7 {[%emt 0:02:29]} Rxb6 {[%emt 0:00:57]} 58. h8=Q {[%emt 0:00:00]} b1=Q {[%emt 0:00:26]} 59. g8=Q+ Kd2 {[%emt 0:01:00]} 60. Qd4+ {[%emt 0:00:37]} Ke1 {[%emt 0:00:37]} 61. Qgg1+ {[%emt 0:00:13]} 1-0

[Event "Portugal Open 2019"]
[Site "Lisbon"]
[Date "2019.02.09"]
[Round "9.31"]
[White "Tscharotschkin, Michael"]
[Black "Shailesh, Dravid"]
[Result "1/2-1/2"]
[WhiteElo "2178"]
[BlackElo "2324"]
[Annotator "NA"]
[PlyCount "83"]
[EventDate "2019.01.25"]
[EventType "swiss"]
[EventCountry "POR"]
[SourceTitle "playchess.com"]
[Source "ChessBase"]
[SourceQuality "1"]
[TimeControl "5400+30"]

1. e4 {[%emt 0:03:15]} c5 {[%emt 0:04:04]} 2. c3 {[%emt 0:00:07]} Nf6 {[%emt 0:00:58]} 3. e5 {[%emt 0:00:05]} Nd5 {[%emt 0:00:04]} 4. d4 {[%emt 0:00:06]} cxd4 {[%emt 0:00:24]} 5. cxd4 {[%emt 0:00:07]} Nc6 {[%emt 0:00:14]} 6. Nf3 {[%emt 0:00:09]} d6 {[%emt 0:00:36]} 7. Bc4 {[%emt 0:01:24]} Nb6 {[%emt 0:02:24]} 8. Bb5 {[%emt 0:00:09]} dxe5 {[%emt 0:00:32]} 9. Nxe5 {[%emt 0:01:14]} Bd7 {[%emt 0:00:12]} 10. Nc3 {[%emt 0:00:55]} e6 {[%emt 0:10:39]} 11. O-O {[%emt 0:00:43]} Be7 {[%emt 0:03:39]} 12. Qf3 {[%emt 0:11:04]} O-O {[%emt 0:01:35]} 13. Rd1 {[%emt 0:02:06]} Rc8 {[%emt 0:08:09]} 14. Be3 {[%emt 0:02:20]} Be8 {[%emt 0:13:58]} 15. Qh3 {[%emt 0:08:43]} f5 {[%emt 0:02:24]} 16. Nxc6 {[%emt 0:03:06]} Bxc6 {[%emt 0:00:58]} 17. Bxc6 {[%emt 0:02:26]} bxc6 {[%emt 0:00:41]} 18. Bf4 {[%emt 0:01:15]} Bf6 {[%emt 0:00:21]} 19. Qe3 {[%emt 0:01:49]} Re8 {[%emt 0:01:30]} 20. Be5 {[%emt 0:00:33]} Bg5 {[%emt 0:03:40]} 21. Qe2 {[%emt 0:02:51]} Qe7 {[%emt 0:00:56]} 22. f4 {[%emt 0:04:21]} Bf6 {[%emt 0:01:02]} 23. Rd3 {[%emt 0:01:12]} Rcd8 {[%emt 0:02:34]} 24. Rad1 {[%emt 0:03:08]} Nd5 {[%emt 0:07:22]} 25. Nxd5 {[%emt 0:00:38]} Rxd5 {[%emt 0:00:11]} 26. Rc3 {[%emt 0:02:12]} Bxe5 {[%emt 0:03:22]} 27. dxe5 {[%emt 0:01:11]} Rxd1+ {[%emt 0:01:35]} 28. Qxd1 {[%emt 0:00:21]} Rd8 {[%emt 0:00:04]} 29. Qb3 {[%emt 0:06:00]} Qd7 {[%emt 0:05:49]} 30. g3 {[%emt 0:02:04]} Kf7 {[%emt 0:02:13]} 31. Qc2 {[%emt 0:04:14]} Qd4+ {[%emt 0:04:15]} 32. Kg2 {[%emt 0:01:06]} g5 {[%emt 0:00:44]} 33. fxg5 {[%emt 0:02:38]} Qxe5 {[%emt 0:00:18]} 34. Rxc6 {[%emt 0:02:40]} Qe3 {[%emt 0:00:38]} 35. Rd6 {[%emt 0:03:49]} Rxd6 {[%emt 0:05:32]} 36. Qc7+ {[%emt 0:00:00]} Kg6 {[%emt 0:00:03]} 37. Qxd6 {[%emt 0:00:00]} Kxg5 {[%emt 0:00:19]} 38. Qd8+ {[%emt 0:06:56]} Kg6 {[%emt 0:00:06]} 39. Qe8+ {[%emt 0:00:26]} Kh6 {[%emt 0:00:38]} 40. Qf8+ {[%emt 0:00:46]} Kg6 {[%emt 0:00:05]} 41. Qg8+ {[%emt 0:02:29]} Kh6 {[%emt 0:00:19]} 42. Qf8+ {[%emt 0:01:50]} 1/2-1/2